Money and value <A> reconsideration of classical and neoclassical monetary theories

Guardado en:
Detalles Bibliográficos
Autor principal: Grandmont, Jean-Michel
Formato: Libro
Lenguaje:inglés
Publicado: Cambridge Cambridge University Press 1994
Edición:1. ed., 4. repr.
Colección:Econometric Society Monographs in Pure Theory No. 5
Materias:
Etiquetas: Agregar Etiqueta
Sin Etiquetas, Sea el primero en etiquetar este registro!

MARC

LEADER 00000nam a2200000 4500
001 c014177
005 20221205140823.1
020 |a 0-521-31364-3 
041 0 |a eng 
044 |a GB 
245 1 0 |a Money and value  |b <A> reconsideration of classical and neoclassical monetary theories  |c Jean-Michel Grandmont 
250 |a 1. ed., 4. repr. 
264 1 |a Cambridge  |b Cambridge University Press  |c 1994 
300 |a 199 s. 
490 1 |a Econometric Society Monographs in Pure Theory  |v No. 5 
830 0 |a Econometric Society Monographs in Pure Theory  |v No. 5 
610 2 0 |a hodnota 
610 2 0 |a ceny 
610 2 0 |a peniaze 
610 2 0 |a teória peňažná 
100 1 |a Grandmont, Jean-Michel